| 000 | 01018nam a22002537a 4500 | ||
|---|---|---|---|
| 999 |
_c64568 _d64568 |
||
| 005 | 20240530110738.0 | ||
| 008 | 180910s1991 ua g b 000 0 ara d | ||
| 017 |
_a1986/1624 _bمصر. دار الكتب |
||
| 020 | _a9771420542 | ||
| 040 |
_aEG-CaGPL _cEG-CaGPL |
||
| 082 | 0 | 4 |
_221 _a219.3 / _bم هـ |
| 100 | 0 | _aمحمد السيد الوكيل | |
| 245 | 1 | 0 |
_aهذا الدين بين جهل ابنائة وكيد اعدائة / _cمحمد السيد الوكيل |
| 250 | _aط.4 | ||
| 260 |
_aالقاهرة : _bدار الوفاء لدنيا الطباعة و النشر ، _c1991. |
||
| 300 |
_a191 ص. ؛ _c19 سم. |
||
| 504 | _aيشتمل على ارجاعات ببليوجرافية | ||
| 650 | 0 | 7 |
_2qrmak _aالاسلام والاصلاح السياسى |
| 650 | 0 | 7 |
_2qrmak _aالاسلام _xحركات الاحياء والاصلاح والتجديد |
| 650 | 0 | 7 |
_2qrmak _aالاسلام والمجتمع |
| 651 | _2qrmak | ||
| 942 |
_2ddc _cBK |
||